سنغافورة ومشروع اتحاد الملايو الكبرى / (Record no. 47227)
[ view plain ]
| 000 -الفاتح | |
|---|---|
| حقل البيانات ثابتة الطول | 00576nam a2200193Ia 4500 |
| 008 - عناصر البيانات ثابتة الطول - معلومات عامة | |
| حقل البيانات ثابتة الطول | 140319s9999 xx 000 0 ara d |
| 040 ## - مصدر الفهرسة | |
| وكالة الفهرسة الأصلية | GCL / |
| وكالة النسخ | GCL |
| 082 04 - رقم تصنيف ديوى العشرى | |
| رقم التصنيف | 959.2 |
| رقم المادة | م س |
| 100 1# - المدخل الرئيسى - إسم شخصى | |
| الإسم الشخصى | عبدالحق حامد |
| 245 10 - بيان العنوان | |
| العنوان | سنغافورة ومشروع اتحاد الملايو الكبرى / |
| بيان المسئوليه,etc | عبدالحق حامد |
| 700 1# - المدخل الاضافى - اسم شخصى | |
| الإسم الشخصى | محيى الدين فوزى |
| 700 1# - المدخل الاضافى - اسم شخصى | |
| الإسم الشخصى | عبدالحق جلال |
| 300 ## - الوصف المادى | |
| التعداد | 63 |
| 490 ## - بيان السلسلة | |
| عنوان السلسلة | كتب سياسية |
| رقم المجلد/ التعيين التسلسلي | 0 |
| 650 04 - المدخل الاضافى بالموضوع-مصطلح موضوعى | |
| مصطلح موضوعي | سنغافورة |
| 650 04 - المدخل الاضافى بالموضوع-مصطلح موضوعى | |
| مصطلح موضوعي | اتحاد الملايو |
| 942 ## - عناصر المدخل الإضافي( كوها) | |
| مصدر التصنيف او مخطط الترفيف | Dewey Decimal Classification |
| Koha [default] item type | كتاب |
| حالة التراجع | حالة الفقد | حالة تلف | ليس للاعارة | المكان المؤقت | الموقع الحالى | تاريخ الاكتساب | اجمالي اﻻعارات | رقم الطلب | الباركود | تاريخ اخر مشاهدة | تاريخ تفعيل السعر | نوع وعاء كوها |
|---|---|---|---|---|---|---|---|---|---|---|---|---|
| مكتبة القاهرة الكبرى | مكتبة القاهرة الكبرى | 03/26/2014 | 959.2\م س | 114354 | 03/26/2014 | 03/26/2014 | كتاب |

